000 00594nam a22001937a 4500
999 _c195780
_d195780
005 20230421143000.0
010 _aENG-136750
020 _a9788193307632
_c220.00
035 _aEN-120282
037 _bDABD/PUB
082 _a571.1
100 _aArumugam,N.
245 _aAnimal physio;ogy and biochemistry /
_cN. Arumugam [et.al..]
250 _a3rd ed.
260 _aTamilnadu
_bSaras publication
_c2018
270 _a114/35G,A.R.P Camp Road, Periavilai kottar P.O. Nagercoil
_bKanya kumari
_e629002
300 _a552p.;
_c17cm(pbk)
942 _2ddc
_cEN
_h571.1
_mARU